000 00547nam a22001577a 4500
008 180814b xxu||||| |||| 00| 0 eng d
020 _a0406091358
050 _aKD277.5.L39(1877-80)
245 _aThe Law Reports: Exchequer division of the High Court of Justice. /
_cEdited by James Redfoord Bulwer,Q.C.
260 _aLondon:
_bButterworth and Co,
_c1878.
300 _axv, various pagings:
_c24cm.
440 _vvol.3-5
_nExchequer Division
700 _aBulwer, James Redfoord Q.C.
800 _aJames Redfoord Bulwer,Q.C.
942 _2lcc
_cBK
999 _c6659
_d14159